<?xml version="1.0" encoding="UTF-8"?>
<record
    xmlns:xsi="http://www.w3.org/2001/XMLSchema-instance"
    xsi:schemaLocation="http://www.loc.gov/MARC21/slim http://www.loc.gov/standards/marcxml/schema/MARC21slim.xsd"
    xmlns="http://www.loc.gov/MARC21/slim">

  <leader>05511nab a22009857  4500</leader>
  <controlfield tag="003">AR-RoUNA</controlfield>
  <datafield tag="022" ind1=" " ind2=" ">
    <subfield code="a">0327-9022</subfield>
  </datafield>
  <datafield tag="040" ind1=" " ind2=" ">
    <subfield code="a">AR-RoUNA</subfield>
    <subfield code="b">spa</subfield>
  </datafield>
  <datafield tag="041" ind1=" " ind2=" ">
    <subfield code="a">spa</subfield>
  </datafield>
  <datafield tag="044" ind1=" " ind2=" ">
    <subfield code="a">ag</subfield>
  </datafield>
  <datafield tag="245" ind1=" " ind2=" ">
    <subfield code="a">Summa+</subfield>
  </datafield>
  <datafield tag="260" ind1=" " ind2=" ">
    <subfield code="a">Buenos Aires (Argentina):</subfield>
    <subfield code="c">Donn SA,</subfield>
    <subfield code="b">1993.</subfield>
  </datafield>
  <datafield tag="300" ind1=" " ind2=" ">
    <subfield code="a">160 p. :</subfield>
    <subfield code="b">il. byn.</subfield>
    <subfield code="b">planos</subfield>
    <subfield code="c">34X25 cm.</subfield>
  </datafield>
  <datafield tag="505" ind1="0" ind2=" ">
    <subfield code="t">INDICE</subfield>
  </datafield>
  <datafield tag="505" ind1="0" ind2=" ">
    <subfield code="t">ARQUITECTURA - BODEGAS</subfield>
  </datafield>
  <datafield tag="505" ind1="0" ind2=" ">
    <subfield code="t">TEMPLO DE VINOS</subfield>
  </datafield>
  <datafield tag="505" ind1="0" ind2=" ">
    <subfield code="a">B&#xF3;mida &amp; Yanz&#xF3;n; Eliana B&#xF3;rmid; Mario Yanz&#xF3;n, arqs. /  Bodegas O. Fournier, San Carlos, provincia de Mendoza, 2005. p. 50</subfield>
  </datafield>
  <datafield tag="505" ind1="0" ind2=" ">
    <subfield code="a">B&#xF3;mida &amp; Yanz&#xF3;n; Eliana B&#xF3;rmida, Mario Yanz&#xF3;n, arqs. / Bodega Navarro Correas Diageo Argentina, Godoy Cruz, Mendoza, 2004. p.56</subfield>
  </datafield>
  <datafield tag="505" ind1="0" ind2=" ">
    <subfield code="t">ESPIRITUOSA CONTEXTUALIDAD</subfield>
  </datafield>
  <datafield tag="505" ind1="0" ind2=" ">
    <subfield code="a">Marcelo H. Pedemonte, arq. / Destiler&#xED;a de bebidas espirituosas, Valle de Lunlunta, Mendoza, 2004. p. 58</subfield>
  </datafield>
  <datafield tag="505" ind1="0" ind2=" ">
    <subfield code="t">VI&#xD1;EDO AL SUR</subfield>
  </datafield>
  <datafield tag="505" ind1="0" ind2=" ">
    <subfield code="a">Juan Conte, Gabriel Japaz, arqs. / Bodega NQN, San Patricio del Cha&#xF1;ar, Neuqu&#xE9;n, Argentina, 2004. p. 64</subfield>
  </datafield>
  <datafield tag="505" ind1="0" ind2=" ">
    <subfield code="t">TEXTOS</subfield>
  </datafield>
  <datafield tag="505" ind1="0" ind2=" ">
    <subfield code="a">Luis M. Mansilla y Emilio Tu&#xF1;&#xF3;n / Sistema y subjetividad. p. 68</subfield>
  </datafield>
  <datafield tag="505" ind1="0" ind2=" ">
    <subfield code="a">Luis M. Mansilla y Emilio Tu&#xF1;&#xF3;n / Museo de Zamora, Plaza de Santa Luc&#xED;a,  Zamora, Espa&#xF1;a, 1996. p. 70</subfield>
  </datafield>
  <datafield tag="505" ind1="0" ind2=" ">
    <subfield code="a">Luis M. Mansilla y Emilio Tu&#xF1;&#xF3;n / Centro de Nataci&#xF3;n, Paseo de los Pinos, San Fernando de Henares, Madrid, 1998. p. 72</subfield>
  </datafield>
  <datafield tag="505" ind1="0" ind2=" ">
    <subfield code="a">Luis M. Mansilla y Emilio Tu&#xF1;&#xF3;n / Museo Castell&#xF3;n, Avenida de los hermanos Bou, Castell&#xF3;n, Espa&#xF1;a, 2000. p. 74</subfield>
  </datafield>
  <datafield tag="505" ind1="0" ind2=" ">
    <subfield code="a">Alfonso Corona Mart&#xED;nez / A prop&#xF3;sito de la arquitectura de Mansilla+Tu&#xF1;&#xF3;n. p. 78</subfield>
  </datafield>
  <datafield tag="505" ind1="0" ind2=" ">
    <subfield code="a">Luis M. Mansilla y Emilio Tu&#xF1;&#xF3;n / Auditorio de Le&#xF3;n, Avenida de reyes leoneses, Le&#xF3;n, Espa&#xF1;a, 2002. p. 80</subfield>
  </datafield>
  <datafield tag="505" ind1="0" ind2=" ">
    <subfield code="a">Luis M. Mansilla y Emilio Tu&#xF1;&#xF3;n / Centro Documental de la Comunidad de Madrid, Espa&#xF1;a, 2002. p. 86</subfield>
  </datafield>
  <datafield tag="505" ind1="0" ind2=" ">
    <subfield code="a">Luis M. Mansilla y Emilio Tu&#xF1;&#xF3;n / Musac en Le&#xF3;n, Avenida de los Reyes Leoneses, Le&#xF3;n, Espa&#xF1;a, 2004. p. 92</subfield>
  </datafield>
  <datafield tag="505" ind1="0" ind2=" ">
    <subfield code="t">FRAGMENTOS DE UNA CONVERSACI&#xD3;N</subfield>
  </datafield>
  <datafield tag="505" ind1="0" ind2=" ">
    <subfield code="a">Entrevista por Fernando Diez y Alfonso Corona Mart&#xED;nez al arquitecto Emilio Tu&#xF1;on. p. 100
&#xF3;n y </subfield>
  </datafield>
  <datafield tag="505" ind1="0" ind2=" ">
    <subfield code="a">Emilio Tu&#xF1;on, Luis M. Mansilla y Luis D&#xED;az-Mauri&#xF1;o / Casa en Villa 08, Nanjing, China Continental, 2003. p. 101</subfield>
  </datafield>
  <datafield tag="505" ind1="0" ind2=" ">
    <subfield code="a">Luis M.Mansilla y Emilio Tu&#xF1;&#xF3;n / Museo de Cantabria, Santander, Espa&#xF1;a, 2003. p. 102</subfield>
  </datafield>
  <datafield tag="505" ind1="0" ind2=" ">
    <subfield code="a">Luis M.Mansilla y Emilio Tu&#xF1;&#xF3;n / Concello de Lal&#xED;n, Lal&#xED;n, (Pontevedra), Espa&#xF1;a, 2004. p. 104</subfield>
  </datafield>
  <datafield tag="505" ind1="0" ind2=" ">
    <subfield code="t">TEXTOS - EJERCICIO PROFESIONAL</subfield>
  </datafield>
  <datafield tag="505" ind1="0" ind2=" ">
    <subfield code="a">Federico Aja Espil y Herriberto Allende / Acreditaciones y certificaciones. p. 106</subfield>
  </datafield>
  <datafield tag="505" ind1="0" ind2=" ">
    <subfield code="t">SEGUNDA VUELTA</subfield>
  </datafield>
  <datafield tag="505" ind1="0" ind2=" ">
    <subfield code="a">Miguel &#xC1;ngel Roca / Casa en Calamuchita, Cordoba, Argentina, 2003. p. 109</subfield>
  </datafield>
  <datafield tag="505" ind1="0" ind2=" ">
    <subfield code="a">Rachel Neeson / Casa Jesudason, Sydney, Nueva Gales del Sur, Australia, 2002. p. 112</subfield>
  </datafield>
  <datafield tag="505" ind1="0" ind2=" ">
    <subfield code="a">Hugo Montorfano y Mariana Cardinali, arqs / Casa Montorfano, Godoy Cruz 1670, Buenos Aires, Argentina, 2005. p. 116</subfield>
  </datafield>
  <datafield tag="505" ind1="0" ind2=" ">
    <subfield code="t">LOFT EN LUCERNA</subfield>
  </datafield>
  <datafield tag="505" ind1="0" ind2=" ">
    <subfield code="a">Gus W&#xFC;stermann, arqs / Glacier Lucerne, Suiza, 2005. p. 119</subfield>
  </datafield>
  <datafield tag="505" ind1="0" ind2=" ">
    <subfield code="a">Guido Charosky / IL Salone E Pi&#xFA;. Sal&#xF3;n Internacional del Mobiliario, Mil&#xE1;n, 2005. p. 122</subfield>
  </datafield>
  <datafield tag="505" ind1="0" ind2=" ">
    <subfield code="t">EXPOSICIONES</subfield>
  </datafield>
  <datafield tag="505" ind1="0" ind2=" ">
    <subfield code="a">Tom&#xE1;s Powell / Puro Dise&#xF1;o 2005, Centro Costa Salguero, Buenos Aires, Argentina. p. 128</subfield>
  </datafield>
  <datafield tag="505" ind1="0" ind2=" ">
    <subfield code="a">Patricia Tetzlaff / Nuevos intereses profesionales. Feria del Mercado Inmobiliario, Cannes, Francia. p. 130</subfield>
  </datafield>
  <datafield tag="505" ind1="0" ind2=" ">
    <subfield code="t">FOTOGRAF&#xCD;A - VIVIENDA RURAL</subfield>
  </datafield>
  <datafield tag="505" ind1="0" ind2=" ">
    <subfield code="a">Lucio Boschi /Transcurrir en el campo. p. 132</subfield>
  </datafield>
  <datafield tag="505" ind1="0" ind2=" ">
    <subfield code="t">LAS NUEVAS GENERACIONES</subfield>
  </datafield>
  <datafield tag="505" ind1="0" ind2=" ">
    <subfield code="a">Florencia Rodr&#xED;guez y Max Zolkwer / De Estilo Holand&#xE9;s. p. 136</subfield>
  </datafield>
  <datafield tag="505" ind1="0" ind2=" ">
    <subfield code="a">Atelier Kempe Thill. p. 142</subfield>
  </datafield>
  <datafield tag="505" ind1="0" ind2=" ">
    <subfield code="a">Bar. p.144</subfield>
  </datafield>
  <datafield tag="505" ind1="0" ind2=" ">
    <subfield code="t">REALIDAD VIRTUAL</subfield>
  </datafield>
  <datafield tag="505" ind1="0" ind2=" ">
    <subfield code="a">Florencia Rodr&#xED;guez / Todo lo s&#xF3;lido se desvanece en la ilusi&#xF3;n: Oliver Grau en Buenos Aires. p. 146</subfield>
  </datafield>
  <datafield tag="505" ind1="0" ind2=" ">
    <subfield code="t">HOMENAJE</subfield>
  </datafield>
  <datafield tag="505" ind1="0" ind2=" ">
    <subfield code="a">Alberto Petrina / Eduardo Sacriste: Maestro de a modernidad criolla. p.148</subfield>
  </datafield>
  <datafield tag="505" ind1="0" ind2=" ">
    <subfield code="a">Eduardo Sacriste / Escuela Rural N&#xBA; 178, Estancia "La Dulce", Suipacha, Buenos Aires (1943-1944), Argentina. p. 149</subfield>
  </datafield>
  <datafield tag="505" ind1="0" ind2=" ">
    <subfield code="a">Eduardo Sacriste / Casa Torres Posse, Taf&#xED; del Valle, Tucum&#xE1;n, Argentina, (1956-1958). p. 150</subfield>
  </datafield>
  <datafield tag="505" ind1="0" ind2=" ">
    <subfield code="a">Eduardo Ssacriste / Casa Garc&#xED;a Bernasconi, San Javier, Tucum&#xE1;n, Argentina, (1964-1966). p. 151</subfield>
  </datafield>
  <datafield tag="505" ind1="0" ind2=" ">
    <subfield code="t">FRAGMENTOS - DISQUISICIONES</subfield>
  </datafield>
  <datafield tag="505" ind1="0" ind2=" ">
    <subfield code="a">Rafael E. J. Iglesias / Arte Urbano. p. 152</subfield>
  </datafield>
  <datafield tag="505" ind1="0" ind2=" ">
    <subfield code="t">UNIVERSITARIAS</subfield>
  </datafield>
  <datafield tag="505" ind1="0" ind2=" ">
    <subfield code="a">Flavio Janches y M&#xE1;ximo Rohm / Mapeos: cartograf&#xED;as subjetivas de Buenos Aires. p. 154</subfield>
  </datafield>
  <datafield tag="505" ind1="0" ind2=" ">
    <subfield code="t">TEXTURAS</subfield>
  </datafield>
  <datafield tag="505" ind1="0" ind2=" ">
    <subfield code="a">Roberto Fern&#xE1;ndez / Ontolog&#xED;a de la apariencia. p. 156</subfield>
  </datafield>
  <datafield tag="505" ind1="0" ind2=" ">
    <subfield code="t">FRAGMENTOS</subfield>
  </datafield>
  <datafield tag="505" ind1="0" ind2=" ">
    <subfield code="a">Mario Sabugo / Zapatos de Croma&#xF1;&#xF3;n. p. 159</subfield>
  </datafield>
  <datafield tag="505" ind1="0" ind2=" ">
    <subfield code="t">POST-SCRIPTUM</subfield>
  </datafield>
  <datafield tag="505" ind1="0" ind2=" ">
    <subfield code="a">Rub&#xE9;n Pesci / Giancarlo de Carlo, 1919-2005. p. 160</subfield>
  </datafield>
  <datafield tag="600" ind1=" " ind2="7">
    <subfield code="9">1964</subfield>
    <subfield code="a"> Mansilla, Luis Moreno,</subfield>
    <subfield code="d">1959-2012</subfield>
  </datafield>
  <datafield tag="600" ind1=" " ind2="0">
    <subfield code="9">9340</subfield>
    <subfield code="a">Tu&#xF1;on, Emilio</subfield>
    <subfield code="d">1959-</subfield>
    <subfield code="e">arq</subfield>
  </datafield>
  <datafield tag="600" ind1="1" ind2="0">
    <subfield code="9">24546</subfield>
    <subfield code="a">Roca, Miguel Angel</subfield>
    <subfield code="d">1936-</subfield>
  </datafield>
  <datafield tag="600" ind1=" " ind2="7">
    <subfield code="9">2698</subfield>
    <subfield code="a">Sacriste, Eduardo</subfield>
    <subfield code="d">1905-1999</subfield>
  </datafield>
  <datafield tag="600" ind1="1" ind2="0">
    <subfield code="a">De Carlo, Giancarlo,</subfield>
    <subfield code="d">1919-2005</subfield>
    <subfield code="9">9326</subfield>
  </datafield>
  <datafield tag="650" ind1=" " ind2=" ">
    <subfield code="a">Arquitectura contempor&#xE1;nea</subfield>
  </datafield>
  <datafield tag="650" ind1=" " ind2=" ">
    <subfield code="a">Dise&#xF1;o industrial</subfield>
    <subfield code="9">979</subfield>
  </datafield>
  <datafield tag="650" ind1=" " ind2=" ">
    <subfield code="a">Bodegas</subfield>
    <subfield code="9">1688</subfield>
  </datafield>
  <datafield tag="773" ind1="0" ind2=" ">
    <subfield code="a">Summa+</subfield>
    <subfield code="d">Buenos Aires, Argentina</subfield>
    <subfield code="g">N&#xBA;75 (agos-2005), p.160</subfield>
    <subfield code="x">0327-9022</subfield>
  </datafield>
  <datafield tag="908" ind1=" " ind2=" ">
    <subfield code="a">Imp</subfield>
  </datafield>
  <datafield tag="942" ind1=" " ind2=" ">
    <subfield code="2">udc</subfield>
    <subfield code="c">ART</subfield>
  </datafield>
  <datafield tag="945" ind1=" " ind2=" ">
    <subfield code="d">2022-07-08</subfield>
  </datafield>
  <datafield tag="980" ind1=" " ind2=" ">
    <subfield code="6">138</subfield>
    <subfield code="a">Carolina Rainero</subfield>
    <subfield code="8">5</subfield>
    <subfield code="g">Mar&#xED;a Machado</subfield>
  </datafield>
  <datafield tag="999" ind1=" " ind2=" ">
    <subfield code="c">12029</subfield>
    <subfield code="d">12029</subfield>
  </datafield>
  <datafield tag="952" ind1=" " ind2=" ">
    <subfield code="0">0</subfield>
    <subfield code="1">0</subfield>
    <subfield code="2">udc</subfield>
    <subfield code="4">0</subfield>
    <subfield code="7">0</subfield>
    <subfield code="a">AR-RoUNA</subfield>
    <subfield code="b">AR-RoUNA</subfield>
    <subfield code="c">Heme</subfield>
    <subfield code="d">2025-06-19</subfield>
    <subfield code="e">Don</subfield>
    <subfield code="l">0</subfield>
    <subfield code="p">1002693</subfield>
    <subfield code="r">2025-06-19</subfield>
    <subfield code="t">ej. 1</subfield>
    <subfield code="w">2025-06-19</subfield>
    <subfield code="y">ART</subfield>
    <subfield code="k">K6</subfield>
    <subfield code="x"></subfield>
  </datafield>
</record>
